Every Flying Wyvern - Monster Hunter - Statistics

General Stats
  • This quiz has been taken 32 times
  • The average score is 28 of 98
Answer Stats
Monster Gen % Correct
Rathian Gen 1
95%
Rathalos Gen 1
91%
Azure Rathalos Gen 1
86%
Gold Rathian Gen 1
86%
Pink Rathian Gen 1
86%
Silver Rathalos Gen 1
86%
Black Diablos Gen 1
82%
Diablos Gen 1
82%
Nargacuga Gen 2
82%
Monoblos Gen 1
77%
Tigrex Gen 2
77%
White Monoblos Gen 1
68%
Barioth Gen 3
64%
Brute Tigrex Gen 3
64%
Green Nargacuga Gen 3
64%
Dreadking Rathalos Gen 4
59%
Astalos Gen 4
55%
Dreadqueen Rathian Gen 4
55%
Khezu Gen 1
55%
Molten Tigrex Gen 4
55%
Basarios Gen 1
50%
Gravios Gen 1
50%
Grimclaw Tigrex Gen 4
50%
Lucent Nargacuga Gen 3
50%
Paolumu Gen 5
50%
Red Khezu Gen 1
50%
Seregios Gen 4
50%
Black Gravios Gen 1
45%
Bloodbath Diablos Gen 4
45%
Boltreaver Astalos Gen 4
45%
Frostfang Barioth Gen 5
45%
Legiana Gen 5
45%
Shrieking Legiana Gen 5
45%
Silverwind Nargacuga Gen 4
45%
Akantor Gen 2
41%
Bazelgeuse Gen 5
41%
Gigginox Gen 3
41%
Nightshade Paolumu Gen 5
41%
Ruby Basarios Gen 4
41%
Sand Barioth Gen 3
41%
Seething Bazelgeuse Gen 5
41%
Ukanlos Gen 2
41%
Apex Rathalos Gen 5
36%
Apex Rathian Gen 5
36%
Baleful Gigginox Gen 3
36%
Espinas Gen 5
36%
Flaming Espinas Gen 5
36%
Apex Diablos Gen 5
32%
Razewing Ratha Stories
14%
Anorupatisu Frontier
5%
Berukyurosu Frontier
5%
Bogabadorumu Frontier
5%
Bombardier Bogabadorumu Frontier
5%
Destruction Wyvern Rathalos Explore
5%
Diorekkusu Frontier
5%
Doragyurosu Frontier
5%
Espinas Rare Species Frontier
5%
Flame Rathalos Explore
5%
Mi Ru Frontier
5%
Scorching Heat Rathian Explore
5%
Unknown Frontier
5%
Virulent Gigginox Explore
5%
Zenith Anorupatisu Frontier
5%
Zenith Doragyurosu Frontier
5%
Zenith Espinas Frontier
5%
Zenith Gravios Frontier
5%
Zenith Rathalos Frontier
5%
Blinking Nargacuga Frontier
0%
Conflagration Rathalos Online
0%
Crystal Basarios Online
0%
Demonic Seregios Explore
0%
Dyurgaua Frontier
0%
Fiercewater Nargacuga Explore
0%
Flame Tigrex Online
0%
Frozen Barioth Explore
0%
Gilded Diablos Explore
0%
Gureadomosu Frontier
0%
Gurenzeburu Frontier
0%
Hyujikiki Frontier
0%
Meraginasu Frontier
0%
Mysterious Mi Ru Frontier
0%
Odibatorasu Frontier
0%
Parapuria Frontier
0%
Poborubarumu Frontier
0%
Sandstone Basarios Online
0%
Shattered Monoblos Online
0%
Sparkling Zeruerusu Frontier
0%
Steel Armor Diablos Explore
0%
Thirsty Pariapuria Frontier
0%
Tigrex EX Stories
0%
Unit-02 Tigrex Explore
0%
Varusaburosu Frontier
0%
Yoga Gigginox Explore
0%
Zenaserisu Frontier
0%
Zenith Hyujikiki Frontier
0%
Zenith Khezu Frontier
0%
Zenith Tigrex Frontier
0%
Zeruerusu Frontier
0%
No matching quizzes found
Score Distribution
Percent of People with Each Score
Percentile by Number Answered
Your Score History
You have not taken this quiz